| 000 | 01024cam a2200277 4500 | ||
|---|---|---|---|
| 001 | WB3731-15 | ||
| 008 | 010809n2001 000 0 eng u | ||
| 035 | _a(Sirsi) u114039 | ||
| 245 | _aSpace spies check coastal crumbling | ||
| 260 | _c2001 | ||
| 490 |
_aGuardian _v7 August 2001, 7 |
||
| 490 |
_aFinancial Times _v9 August 2001, 8(2) |
||
| 520 | _aA combination of satellite technology, digital photography and ground measurements are being used in a pilot project at Scarborough in an attempt to predict and cut the costs of coastal erosion. Using geomatics techniques will allow government agencies to focus coastal management resources on the most vulnerable locations. | ||
| 590 | _aWB | ||
| 650 | _aCOASTAL EROSION | ||
| 650 | _aSATELLITES | ||
| 650 | _a3D MAPPING | ||
| 650 | _aCOASTAL DEFENCES | ||
| 650 | _aGLOBAL POSITIONING SYSTEMS | ||
| 650 | _aGPS | ||
| 650 | _aCOASTAL MANAGEMENT | ||
| 650 | _aSCARBOROUGH | ||
| 650 | _aCOASTAL ZONE MAPPING | ||
| 690 |
_aGeomatics _96242 |
||
| 942 | _n0 | ||
| 999 |
_c67972 _d67972 |
||